000 00508nam a2200181Ia 4500
001 13962
005 20260306164839.0
008 260306t2004||||xx |||||||||||||| ||spa||
041 _aESP
082 _a005.74
_bK55
100 _aKimball, Ralph,
_eAUT
245 4 _aThe data warehouse toolkit :
_bpractical techniques for extracting, cleaning, confrming, and delivering data
260 _c2004
300 _axxxiv, 491 páginas :
_c23 cm.
650 _aGEN
654 _aCCC
942 _cLIB
_dJUS
_fJUS
_2ddc
_n
999 _c13962
_d13962